LEADER 02876oam 22009134a 450 001 9910457136303321 005 20211004152533.0 010 $a963-386-392-9 010 $a1-283-24844-1 010 $a9786613248442 010 $a963-9776-94-7 010 $a1-4416-9463-3 035 $a(CKB)2550000000035258 035 $a(EBL)3137318 035 $a(SSID)ssj0000540434 035 $a(PQKBManifestationID)12177609 035 $a(PQKBTitleCode)TC0000540434 035 $a(PQKBWorkID)10598117 035 $a(PQKB)10254453 035 $a(MiAaPQ)EBC3137318 035 $a(Au-PeEL)EBL3137318 035 $a(CaPaEBR)ebr10468967 035 $a(CaONFJC)MIL324844 035 $a(OCoLC)816860871 035 $a(OCoLC)1273305908 035 $a(MdBmJHUP)musev2_78058 035 $a(EXLCZ)992550000000035258 100 $a20100518d2011 uy 0 101 0 $aeng 135 $aur|n|---||||| 181 $ctxt 182 $cc 183 $acr 200 00$aPromoting the Saints$eCults and Their Contexts from Late Antiquity until the Early Modern Period /$fed. by Otto? Gecser [und weitere] 210 1$aBudapest :$cCentral European University Press,$d2011. 210 4$dİ2011. 215 $a1 online resource (338 p.) 225 0 $aCEU medievalia ;$v12 300 $aDescription based upon print version of record. 311 $a963-9776-93-9 320 $aIncludes bibliographical references and index. 410 0$aCEU medievalia ;$v12. 606 $aHeiligenverehrung$2gnd 606 $aHagiographie$2idszbz 606 $aHeiligenverehrung$2idszbz 606 $aChurch history$xModern period$2fast$3(OCoLC)fst01710944 606 $aChurch history$xMiddle Ages$2fast$3(OCoLC)fst01710943 606 $aChristian hagiography$2fast$3(OCoLC)fst00859164 606 $aChurch history$yModern period, 1500- 606 $aChurch history$yMiddle Ages, 600-1500 606 $aChristian hagiography 607 $aEuropa$2gnd 607 $aEuropa$2idszbz 607 $aHungary$2fast 607 $aEurope$2fast 607 $aHungary$xChurch history 607 $aEurope$xChurch history 608 $aAufsatzsammlung 608 $aAufsatzsammlung. 608 $aChurch history. 608 $aElectronic books. 615 0$aHeiligenverehrung 615 0$aHagiographie. 615 0$aHeiligenverehrung. 615 0$aChurch history$xModern period. 615 0$aChurch history$xMiddle Ages. 615 0$aChristian hagiography. 615 0$aChurch history 615 0$aChurch history 615 0$aChristian hagiography. 676 $a235/.209 701 $aGecser$b Otto?$0767219 701 $aKlaniczay$b Ga?bor$0425956 801 0$bMdBmJHUP 801 1$bMdBmJHUP 906 $aBOOK 912 $a9910457136303321 996 $aPromoting the Saints$92565147 997 $aUNINA LEADER 02039oam 2200649Ka 450 001 9910712945803321 005 20180920060353.6 024 8 $aGOVPUB-C13-87dbd2c74fafb5245080d7456191614e 035 $a(CKB)5470000002498735 035 $a(OCoLC)726767134 035 $a(OCoLC)995470000002498735 035 $a(EXLCZ)995470000002498735 100 $a20110523d1952 ua 0 101 0 $aeng 135 $aurbn||||||abp 135 $aurbn||||||ada 181 $ctxt$2rdacontent 182 $cc$2rdamedia 183 $acr$2rdacarrier 200 10$aFire resistance of concrete floors /$fDaniel S. Goalwin 210 1$aWashington, D.C. :$cU.S. Dept. of Commerce, National Bureau of Standards :$cU.S. Govt. Print. Off.,$d1952. 215 $a1 online resource (ii, 11 pages) $cillustrations 225 1 $aBuilding materials and structures report ;$v134 300 $aContributed record: Metadata reviewed, not verified. Some fields updated by batch processes. 320 $aIncludes bibliographical references (page 6). 606 $aConcrete$xFire testing 606 $aFire testing 606 $aFlooring, Concrete 606 $aFloors 606 $aReinforced concrete 606 $aConcrete$xFire testing$2fast 606 $aFire testing$2fast 606 $aFlooring, Concrete$2fast 606 $aFloors$2fast 606 $aReinforced concrete$2fast 615 0$aConcrete$xFire testing. 615 0$aFire testing. 615 0$aFlooring, Concrete. 615 0$aFloors. 615 0$aReinforced concrete. 615 7$aConcrete$xFire testing. 615 7$aFire testing. 615 7$aFlooring, Concrete. 615 7$aFloors. 615 7$aReinforced concrete. 700 $aGoalwin$b Daniel S$01393959 801 0$bOCLCE 801 1$bOCLCE 801 2$bOCLCQ 801 2$bOCLCF 801 2$bOCLCQ 801 2$bOCLCO 801 2$bOCLCQ 906 $aBOOK 912 $a9910712945803321 996 $aFire resistance of concrete floors$93450649 997 $aUNINA LEADER 02309nam 2200649 a 450 001 9910778666103321 005 20230421033202.0 010 $a0-309-17529-1 010 $a1-280-19199-6 010 $a9786610191994 010 $a0-309-55318-0 010 $a0-585-03246-7 035 $a(CKB)110986584751864 035 $a(OCoLC)42329948 035 $a(CaPaEBR)ebrary10062776 035 $a(SSID)ssj0000119877 035 $a(PQKBManifestationID)11141760 035 $a(PQKBTitleCode)TC0000119877 035 $a(PQKBWorkID)10073523 035 $a(PQKB)10675902 035 $a(MiAaPQ)EBC3376928 035 $a(Au-PeEL)EBL3376928 035 $a(CaPaEBR)ebr10062776 035 $a(OCoLC)923266989 035 $a(EXLCZ)99110986584751864 100 $a19960819d1996 uy 0 101 0 $aeng 135 $aurcn||||||||| 181 $ctxt 182 $cc 183 $acr 200 00$aChanging numbers, changing needs $eAmerican Indian demography and public health$b[electronic resource] /$fGary D. Sandefur, Ronald R. Rindfuss, and Barney Cohen, editors 210 $aWashington, D.C. $cNational Academy Press$d1996 215 $a1 online resource (326 p.) 300 $a"Committee on Population, Commission on Behavioral and Social Sciences and Education, National Research Council." 311 $a0-309-05548-2 320 $aIncludes bibliographical references. 606 $aIndians of North America$xPopulation 606 $aIndians of North America$xHealth and hygiene 606 $aIndians of North America$xEconomic conditions 606 $aIndians of North America$xMedical care 615 0$aIndians of North America$xPopulation. 615 0$aIndians of North America$xHealth and hygiene. 615 0$aIndians of North America$xEconomic conditions. 615 0$aIndians of North America$xMedical care. 676 $a362.1/08997 701 $aSandefur$b Gary D.$f1951-$0140523 701 $aRindfuss$b Ronald R.$f1946-$01509174 701 $aCohen$b Barney$f1959-$01493433 712 02$aNational Research Council (U.S.).$bCommittee on Population. 801 0$bMiAaPQ 801 1$bMiAaPQ 801 2$bMiAaPQ 906 $aBOOK 912 $a9910778666103321 996 $aChanging numbers, changing needs$93740821 997 $aUNINA